東京国税局の税務署 - Statistics

General Stats
  • This quiz has been taken 74 times
  • The average score is 41 of 84
Answer Stats
都県 税務署名 % Correct
千葉 船橋
90%
東京 新宿
88%
東京 八王子
88%
千葉 市川
86%
千葉
84%
千葉 成田
84%
千葉 松戸
83%
東京 品川
81%
東京 渋谷
81%
東京 立川
81%
山梨 甲府
81%
千葉 木更津
79%
千葉 館山
79%
千葉 銚子
79%
東京 板橋
72%
東京 青梅
72%
東京 豊島
72%
東京 町田
72%
東京 世田谷
71%
東京 足立
69%
東京 蒲田
67%
神奈川 小田原
67%
山梨 大月
67%
東京 目黒
66%
神奈川 横須賀
66%
神奈川 藤沢
64%
神奈川 相模原
60%
東京 荒川
59%
東京 武蔵野
57%
神奈川 鎌倉
57%
神奈川 平塚
57%
千葉 茂原
55%
東京 大森
55%
神奈川 厚木
55%
東京 中野
53%
東京 葛飾
52%
東京 杉並
52%
東京 王子
48%
千葉 佐原
45%
東京 神田
45%
東京 東村山
45%
神奈川 大和
45%
東京 麻布
43%
神奈川 戸塚
43%
東京 日本橋
41%
山梨 山梨
41%
千葉 千葉西
40%
千葉 千葉東
40%
東京 浅草
40%
東京 日野
40%
神奈川 神奈川
40%
神奈川 鶴見
40%
東京
38%
神奈川 横浜南
38%
東京 麹町
36%
神奈川 川崎北
36%
神奈川 川崎南
36%
千葉 千葉南
34%
千葉 東金
34%
東京 荻窪
34%
東京 四谷
34%
神奈川 川崎西
33%
神奈川 保土ケ谷
31%
東京 小石川
29%
神奈川 横浜中
29%
東京 向島
28%
東京 江戸川北
26%
東京 江戸川南
26%
東京 京橋
26%
東京 本郷
26%
東京 本所
26%
神奈川
24%
東京 荏原
22%
東京 玉川
22%
東京 練馬西
22%
東京 練馬東
22%
東京 江東西
21%
東京 江東東
21%
東京 武蔵府中
19%
東京 北沢
17%
山梨 鰍沢
17%
東京 東京上野
16%
東京 西新井
16%
東京 雪谷
7%
No matching quizzes found
Score Distribution
Percent of People with Each Score
Percentile by Number Answered
Your Score History
You have not taken this quiz